| 000 | 00526nam a22001937a 4500 | ||
|---|---|---|---|
| 003 | OSt | ||
| 005 | 20160509163939.0 | ||
| 008 | 160509b xxu||||| |||| 00| 0 eng d | ||
| 020 | _a1578083257 | ||
| 040 | _cDDC. | ||
| 082 | _a333.95KRI 2003. | ||
| 100 |
_aKrishnamurthy, K.V; _98581 |
||
| 245 | _aA textbook of biodiversity. | ||
| 260 |
_aUK. _bScience Publishers,Inc. _c2003. |
||
| 300 |
_axv,260p; _bill; _c24cm. |
||
| 504 | _aincludes references,Glossary and Index. | ||
| 650 |
_aBiodiversity. _91737 |
||
| 942 |
_2ddc _cSLOAN |
||
| 999 |
_c3916 _d3916 |
||